| 000 | 00870cab a2200181 4500 | ||
|---|---|---|---|
| 001 | ##L131532 | ||
| 008 | 051114n2005 000 0 eng u | ||
| 035 | _a(Sirsi) u131532 | ||
| 041 | 0 | _aeng | |
| 100 | 1 |
_aRedman _bNicholas |
|
| 245 | 0 | 0 | _aAuction almanac |
| 260 | 3 | _c2005 | |
| 490 | 0 |
_aEstates Gazette _v(0544) 5 November 2005, 126-127(2) |
|
| 520 | _aIntroduces the recently published revised edition of the RICS "Common auction conditions : for auctions of real estate in England and Wales" (L130536) which has gained the status of an industry standard. Explains what is covered by the conditions, the role of the RICS working party in developing the conditions and the original reasons for producing the conditions. | ||
| 650 | 2 | 4 | _aRICS COMMON AUCTION CONDITIONS FOR AUCTIONS OF REAL ESTATE IN ENGLAND AND WALES |
| 690 |
_aAuctioneering _96218 |
||
| 942 | _n0 | ||
| 999 |
_c76143 _d76143 |
||